Diccionario de homofonos castellanos : repertorio alfabetico de adjetivos, verbos y su correcta ortografia : homofonos, homografos, paronimos /

Bibliographic Details
Main Author: Aschiero, Hipolito R.
Format: Book
Language:Spanish
Published: Buenos Aires : Editorial V. Leru, [1975]
Subjects:

MARC

Tag First Indicator Second Indicator Subfields
LEADER 00000cam a2200000 a 4500
001 in00000072535
005 20151008053438.0
008 770211s1975 ag d 00010 spam
010 |a  77454249  
035 |a (OCoLC)02836119 
035 |9 AAH7450AM 
040 |a DLC  |c DLC  |d TXA  |d UtOrBLW 
049 |a TXAM  |c [1654541] 
050 0 0 |a PC4595  |b .A8 
082 0 |a 463/.1 
100 1 |a Aschiero, Hipolito R. 
245 1 0 |a Diccionario de homofonos castellanos :  |b repertorio alfabetico de adjetivos, verbos y su correcta ortografia : homofonos, homografos, paronimos /  |c Hipolito R. Aschiero. 
264 1 |a Buenos Aires :  |b Editorial V. Leru,  |c [1975] 
264 4 |c ©1975 
300 |a 120 pages ;  |c 21 cm. 
336 |a text  |b txt  |2 rdacontent 
337 |a unmediated  |b n  |2 rdamedia 
338 |a volume  |b nc  |2 rdacarrier 
650 0 |a Spanish language  |x Homonyms. 
650 0 |a Spanish language  |v Dictionaries. 
999 |a MARS 
999 f f |s 9587a515-ef30-37d5-9eb5-f7e4577bf6f7  |i 794fd928-f6bd-3918-8dd8-6be38b8dc1ff  |t 0 
952 f f |p ric  |a Texas A&M University  |b Rellis Campus  |c Joint Library Facility  |s JLF  |d Remote Storage  |t 0  |e PC4595 .A8  |h Library of Congress classification  |i unmediated -- volume  |m A14806174375 
998 f f |a PC4595 .A8  |t 0  |l Remote Storage